Energy in the transition from rural subsistence / (Record no. 67257)
[ view plain ]
| 000 -LEADER | |
|---|---|
| fixed length control field | 01078nam a2200289 a 4500 |
| 001 - CONTROL NUMBER | |
| control field | 67257 |
| 003 - CONTROL NUMBER IDENTIFIER | |
| rucl marc code | BD-RjUL |
| 005 - DATE AND TIME OF LATEST TRANSACTION | |
| control field | 20211209081630.0 |
| 008 - FIXED-LENGTH DATA ELEMENTS--GENERAL INFORMATION | |
| fixed length control field | 170328s1982 cou 100 0 eng d |
| 020 ## - INTERNATIONAL STANDARD BOOK NUMBER | |
| International Standard Book Number | 0865313857 |
| 035 ## - SYSTEM CONTROL NUMBER | |
| System control number | (BD-RjUL)67388 |
| 040 ## - CATALOGING SOURCE | |
| Original cataloging agency | DLC |
| Transcribing agency | DLC |
| Modifying agency | DLC |
| -- | OCoLC |
| -- | DLC |
| -- | BD-RjUL |
| Language of cataloging | eng |
| 041 ## - LANGUAGE CODE | |
| Language code of text/sound track or separate title | eng |
| 082 00 - DEWEY DECIMAL CLASSIFICATION NUMBER | |
| Edition number | 23 |
| Classification number | 333.79 |
| Author mark and year | ENE 1982 |
| 245 00 - TITLE STATEMENT | |
| Title | Energy in the transition from rural subsistence / |
| Statement of responsibility, etc. | edited by Miguel S. Wionczek, Gerald Foley and Ariane van Buren. |
| 260 ## - PUBLICATION, DISTRIBUTION, ETC. (IMPRINT) | |
| Place of publication, distribution, etc. | Boulder, Colo. : |
| Name of publisher, distributor, etc. | Westview Press, |
| Date of publication, distribution, etc. | 1982. |
| 300 ## - PHYSICAL DESCRIPTION | |
| Pagination | xv, 208 p. ; |
| Size | 24 cm. |
| 650 #0 - SUBJECT ADDED ENTRY--TOPICAL TERM | |
| Topical term or geographic name as entry element | Energy |
| 9 (RLIN) | 199274 |
| 700 1# - ADDED ENTRY--PERSONAL NAME | |
| Personal name | Wionczek, Miguel S. |
| Personal name | Foley, Gerald, |
| Dates associated with a name | 1936- |
| Personal name | Van Buren, Ariane. |
| 710 2# - ADDED ENTRY--CORPORATE NAME | |
| Corporate name or jurisdiction name as entry element | International Institute for Environment and Development. |
| 9 (RLIN) | 199279 |
| Corporate name or jurisdiction name as entry element | Colegio de México. |
| 9 (RLIN) | 199280 |
| 830 ## - SERIES ADDED ENTRY--UNIFORM TITLE | |
| Uniform title | Westview special studies in social, political, and economic development |
| 942 ## - ADDED ENTRY ELEMENTS (KOHA) | |
| Source of classification or shelving scheme | Dewey Decimal Classification |
| Koha item type | Books |
| Lost status | Source of classification or shelving scheme | Damaged status | Not for loan | Collection code | Permanent Location | Current Location | Shelving location | Date acquired | Source of acquisition | Cost, normal purchase price | Total Checkouts | Full call number | Date last seen | Copy number | Koha item type |
|---|---|---|---|---|---|---|---|---|---|---|---|---|---|---|---|
| Dewey Decimal Classification | Not For Loan | Non-fiction | Central Library, University of Rajshahi | Central Library, University of Rajshahi | Reading Room | 25/06/1989 | Asia Foundation | 0.00 | 333.79 ENE 1982 | 23/03/2017 | C-1 | Books |